Modern Electronic Communications (Include CD) / (Record no. 189551)

000 -LEADER
fixed length control field 01149 a2200205 4500
003 - CONTROL NUMBER IDENTIFIER
control field Nust
005 - DATE AND TIME OF LATEST TRANSACTION
control field 20221223095953.0
020 ## - INTERNATIONAL STANDARD BOOK NUMBER
International Standard Book Number 978-81-203-4004-6
040 ## - CATALOGING SOURCE
Transcribing agency Nust
082 ## - DEWEY DECIMAL CLASSIFICATION NUMBER
Classification number 621.385,BEA
100 ## - MAIN ENTRY--PERSONAL NAME
Personal name Jeffrey S.Beasley
9 (RLIN) 105733
245 ## - TITLE STATEMENT
Title Modern Electronic Communications (Include CD) /
Statement of responsibility, etc. Jeffrey S.Beasley -Gary M.Miller
250 ## - EDITION STATEMENT
Edition statement 9th ed
260 ## - PUBLICATION, DISTRIBUTION, ETC.
Place of publication, distribution, etc. New Delhi
Name of publisher, distributor, etc. PHI Learning Pvt Ltd
Date of publication, distribution, etc. 2010
300 ## - PHYSICAL DESCRIPTION
Extent xxxiii,950,p
505 ## - FORMATTED CONTENTS NOTE
Formatted contents note Introductory Topics (Page-2), Amplitude Modulation: Transmission (Page-68), Amplitude Modulation: Reception (Page-116), Single Sideband Comm (Page-164), Frequency Modulation: Transmission (Page-204), Frequency Modulation: Reception (Page-258), Comm. Techniques (Page-298), Digital Comm (Page-346), Wired Digital Comm (Page-400), Wireless Digital Comm (Page-452), Network Comm (Page-494), Transmission Lines (Page-562), Wave Propagation (Page-618), Antennas (Page-664), Waveguides and Radar (Page-706), Microwaves and Lasers (Page-748), Television (Page-798), Fiber Optics (Page-854).
650 ## - SUBJECT ADDED ENTRY--TOPICAL TERM
Topical term or geographic name entry element Telecommunication Engineering
651 ## - SUBJECT ADDED ENTRY--GEOGRAPHIC NAME
Geographic name (Include CD)
9 (RLIN) 8953
942 ## - ADDED ENTRY ELEMENTS (KOHA)
Source of classification or shelving scheme
Koha item type Book
Holdings
Withdrawn status Lost status Source of classification or shelving scheme Damaged status Not for loan Permanent Location Current Location Shelving location Date acquired Full call number Barcode Date last seen Price effective from Koha item type Public note
          Military College of Signals (MCS) Military College of Signals (MCS) General Stacks 12/12/2016 621.385,BEA MCS35153 12/08/2016 12/12/2016 Book Almirah No.39, Shelf No.3
© 2023 Central Library, National University of Sciences and Technology. All Rights Reserved.